000 00287nam a22001337a 4500
008 170508b xxu||||| |||| 00| 0 eng d
020 _a9780935732948
041 _aeng
080 _a343.9
100 _a15
101 S _aSHJ
245 _aCRIME PROFILES
_cMIETHE, D.T
942 _2udc
_cBK
999 _c12877
_d12877